Ergonomic solutions for the Process Industries

Na minha lista:
Detalhes bibliográficos
Main Authors: Attwood, Dennis A. (Author), Deeb, Joseph M. (Author), Danz-Reece, Mary E. (Author)
Formato: Livro
Idioma:inglês
Publicado em: Burlington : Elsevier, 2004
Assuntos:
Tags: Adicionar Tag
Sem tags, seja o primeiro a adicionar uma tag!

MARC

LEADER 00000nam a22000003a 4500
001 stu116213
005 20150617225846.2
008 060412s2004----xxu-----------------eng-d
020 |a 0-7506-7704-X 
040 |a STU  |b slo 
041 0 |a eng 
044 |a xxu 
080 |a 65.015.11 
100 1 |a Attwood, Dennis A.  |4 aut 
245 1 |a Ergonomic solutions for the Process Industries 
260 |a Burlington :  |b Elsevier,  |c 2004 
300 |a 459 s 
650 7 |a ergonómia  |2 stusub 
700 1 |a Deeb, Joseph M.  |4 aut 
700 1 |a Danz-Reece, Mary E.  |4 aut 
996 |b 284M072839  |c M*11885-1  |l MMST  |s A  |a 24  |w stu116213_0001